000 00667nam a2200241Ia 4500
003 OSt
005 20220918221925.0
006 a|||||r|||| 00| 0
007 ta
008 220917b |||||||| |||| 00| 0 eng d
024 _a210,634
037 _cTextual
040 _aARTS
_cARTS
_beng
041 _2eng
_aeng
082 _aY:4515:(S:5):f, P2
100 _aCampbell Rebecca
_9141748
245 0 _aEmotionally involved
_b The impact of researching rape
260 _aNewYork
_bRoutledge
_c2002
300 _ax, 196 p
_ccm.
650 _aSOCIOLOGY
942 _hY:4515:(S:5):f, P2
_cTEXL
_2CC
999 _c274025
_d274025